Innovation economics, engineering and management handbook 1 / edited by Dimitri Uzunidis, Fedoua Kasmi, Laurent Adatto. (Record no. 22312)

000 -LEADER
fixed length control field 00696nam a22001937a 4500
020 ## - INTERNATIONAL STANDARD BOOK NUMBER
ISBN 9781786304568
082 ## - DEWEY DECIMAL CLASSIFICATION NUMBER
Classification number 658.4063
Item number In584 2021
100 ## - MAIN ENTRY--AUTHOR NAME
Personal name In584
245 ## - TITLE STATEMENT
Title Innovation economics, engineering and management handbook 1 / edited by Dimitri Uzunidis, Fedoua Kasmi, Laurent Adatto.
260 ## - PUBLICATION, DISTRIBUTION, ETC. (IMPRINT)
Place of publication Hoboken :
Name of publisher John Wiley and Sons Inc,
Year of publication 2021.
300 ## - PHYSICAL DESCRIPTION
Number of Pages 1 online resource xviii, 420 pages :
Other physical details illustrations.
500 ## - GENERAL NOTE
General note Includes references and index.
650 ## - SUBJECT ADDED ENTRY--TOPICAL TERM
Topical Term Industrial management.
650 ## - SUBJECT ADDED ENTRY--TOPICAL TERM
Topical Term Engineering industries -- Management.
700 ## - ADDED ENTRY--PERSONAL NAME
Personal name Uzunidis, Dimitri, editor.
700 ## - ADDED ENTRY--PERSONAL NAME
Personal name Kasmi, Fedoua, editor.
700 ## - ADDED ENTRY--PERSONAL NAME
Personal name Adatto, Laurent, editor.
942 ## - ADDED ENTRY ELEMENTS (KOHA)
Koha item type Electronic Books
Holdings
Source of acquisition Permanent Location Date acquired Collection code Koha item type Lost status Shelving location Withdrawn status Current Location Full call number
DonationCagayan State University - Carig Library2026-04-14E-BooksElectronic Books E-Resource Section Cagayan State University - Carig Library658.4063 In584 2021

Cagayan State University University Library, Carig Campus
Tuguegarao City, Cagayan 3500 | www.csucarig.edu.ph

Powered by Koha